Resúmenes analíticos de investigaciones y estudios de la educación chilena
Saved in:
| Main Authors: | , |
|---|---|
| Format: | Bog |
| Sprog: | spansk |
| Udgivet: |
Lo Barnechea
C.P.E.I.P
1984
|
| Serier: | Serie de estudios, 121
|
| Fag: | |
| Tags: |
Tilføj Tag
Ingen Tags, Vær først til at tagge denne postø!
|
MARC
| LEADER | 00000nam a2200000 a 4500 | ||
|---|---|---|---|
| 001 | UCW6310 | ||
| 003 | CL-VaPUC | ||
| 008 | 911120e19840000CL |||||||||||||||||spa|d | ||
| 082 | 0 | 4 | |a 370.780983 |b MOL |2 21 |
| 100 | |a Molina Díaz, Claudio |e autor |9 546963 | ||
| 700 | |a Heras Karl, Rodrigo E. de las |e author |9 541891 | ||
| 245 | 1 | 0 | |a Resúmenes analíticos de investigaciones y estudios de la educación chilena |
| 300 | |a 147 h | ||
| 942 | |c BK | ||
| 945 | |d 19911120 00:00:00 | ||
| 260 | |a Lo Barnechea |b C.P.E.I.P |c 1984 | ||
| 650 | 0 | |a Investigación educacional |9 261192 | |
| 651 | 7 | |a CHILE |2 CL-VaPUC |9 311375 | |
| 583 | |a last modification |c 19911120 00:00:00 |k Rodrigo Vera | ||
| 490 | 0 | |a Serie de estudios, 121 | |
| 999 | |c 219420 |d 219418 | ||
| 952 | |0 0 |1 0 |4 0 |6 370_780983000000000_MOL_1984 |7 0 |8 P |9 210342 |a BIBEDU |b BIBEDU |c BIBEDU_PB |d 2019-11-15 |i 278422K |o 370.780983 MOL 1984 |p 278422K |r 2024-01-25 |w 2019-11-15 |y BK |k EDU | ||